LIBRARY & INFORMATION CENTRE, KCAET, TAVANUR

ONLINE PUBLIC ACCESS CATALOGUE (OPAC)

Machine design: Data handbook (Record no. 13614)

MARC details
000 -LEADER
fixed length control field 00322nam a22001337a 4500
020 ## - INTERNATIONAL STANDARD BOOK NUMBER
ISBN 9789380578965
082 ## - DEWEY DECIMAL CLASSIFICATION NUMBER
Classification number 621.815
Item number PAT/MA
100 ## - MAIN ENTRY--AUTHOR NAME
Personal name Patil H.G
245 ## - TITLE STATEMENT
Title Machine design: Data handbook
250 ## - EDITION STATEMENT
Edition statement 1
260 ## - PUBLICATION, DISTRIBUTION, ETC. (IMPRINT)
Place of publication New Delhi
Name of publisher I.K International Publishing House Pvt.Ltd
Year of publication 2011
300 ## - PHYSICAL DESCRIPTION
Number of Pages 386
942 ## - ADDED ENTRY ELEMENTS (KOHA)
Koha item type Books
Holdings
Withdrawn status Lost status Damaged status Collection code Home library Current library Shelving location Date acquired Full call number Accession Number Koha item type
      Non-fiction KAUAET KAUAET General Stacks 31/03/2012 621.815 PAT/MA 22383 Books
      Non-fiction KAUAET KAUAET General Stacks 31/03/2012 621.815 PAT/MA 22384 Books
      Non-fiction KAUAET KAUAET General Stacks 31/03/2012 621.815 PAT/MA 22385 Books
      Non-fiction KAUAET KAUAET General Stacks 31/03/2012 621.815 PAT/MA 22386 Books
      Non-fiction KAUAET KAUAET General Stacks 31/03/2012 621.815 PAT/MA 22387 Books
free website counter